00265nam a2200121Ia 45000030006000000080041000060400015000471000010000622450018000722600024000905460012001140050017001260STCL150530s9999 xx 000 0 und d aSTCLcSTCL aBates aCountry tales bReaders Unionc1938 aEnglish20220125171050.0